| 000 | 00776cam a2200253 a 4500 | ||
|---|---|---|---|
| 008 | |||
| 020 | _a0073526975 (hbk.) | ||
| 049 | _aMAIN | ||
| 090 |
_aHF5657.4 _bNOR |
||
| 100 | 1 | _aNoreen, Eric W. | |
| 245 | 1 | 0 |
_aManagerial accounting for managers / _cEric W. Noreen, Peter C. Brewer and Ray H. Garrison. |
| 260 |
_aBoston : _bMcGraw-Hill Irwin, _cc2008. |
||
| 300 |
_axxvi, 646 p. : _bcol ill. ; _c29 cm. |
||
| 504 | _aIncludes bibliographical references. | ||
| 500 | _aIncludes index. | ||
| 650 | 0 | _aManagerial accounting. | |
| 700 | 1 | _aBrewer, Peter C. | |
| 700 | 1 | _aGarrison, Ray H. | |
| 907 |
_a.b10286287 _b28-11-14 _c04-11-10 |
||
| 003 | |||
| 005 | 20230120133832.0 | ||
| 040 | _cNUST | ||
| 942 |
_cBOOKS _kHF5657.4 _mNOR |
||
| 999 |
_c96287 _d96287 |
||